[Event "DVM U20 2023"]
[Site "Magdeburg GER"]
[Date "2023.12.29"]
[Round "5"]
[White "Gerold, Robin"]
[Black "Jagodzinsky, Lukas"]
[Result "1/2-1/2"]
[Termination "normal"]
[Board "6.5"]
[WhiteElo "1532"]
[BlackElo "1449"]
[WhiteClock "00:03:57"]
[BlackClock "00:08:16"]
[WhiteTeam "SF HN-Biberach 1978"]
[BlackTeam "SV Hemer 1932"]
[PlyCount "126"]
[WhiteFideId "16235185"]
[BlackFideId "16233255"]
[EventCountry "GER"]
[EventRounds "7"]
[EventType "team-swiss"]
[EventDate "2023.12.26"]

1. d4 {[%clk 01:30:45]} {[%emt 00:00:15]} d5 {[%clk 01:30:52]} {[%emt
00:00:09]} 2. Bf4 {[%clk 01:31:09]} {[%emt 00:00:06]} Nf6 {[%clk 01:31:15]}
{[%emt 00:00:07]} 3. e3 {[%clk 01:31:34]} {[%emt 00:00:05]} e6 {[%clk
01:31:33]} {[%emt 00:00:12]} 4. Nf3 {[%clk 01:31:48]} {[%emt 00:00:16]} c5
{[%clk 01:31:31]} {[%emt 00:00:32]} 5. c3 {[%clk 01:31:51]} {[%emt 00:00:26]}
Bd6 {[%clk 01:31:21]} {[%emt 00:00:40]} 6. Bxd6 {[%clk 01:32:13]} {[%emt
00:00:08]} Qxd6 {[%clk 01:31:39]} {[%emt 00:00:12]} 7. Nbd2 {[%clk 01:31:50]}
{[%emt 00:00:53]} O-O {[%clk 01:31:29]} {[%emt 00:00:39]} 8. Bd3 {[%clk
01:31:27]} {[%emt 00:00:54]} Nbd7 {[%clk 01:30:58]} {[%emt 00:01:01]} 9. O-O
{[%clk 01:31:45]} {[%emt 00:00:13]} e5 {[%clk 01:27:45]} {[%emt 00:03:43]} 10.
dxe5 {[%clk 01:25:04]} {[%emt 00:07:12]} Nxe5 {[%clk 01:27:50]} {[%emt
00:00:25]} 11. Nxe5 {[%clk 01:21:07]} {[%emt 00:04:25]} Qxe5 {[%clk 01:28:17]}
{[%emt 00:00:03]} 12. Qf3 {[%clk 01:21:06]} {[%emt 00:00:31]} Bg4 {[%clk
01:26:03]} {[%emt 00:02:45]} 13. Qg3 {[%clk 01:20:54]} {[%emt 00:00:42]} Qxg3
{[%clk 01:22:06]} {[%emt 00:04:26]} 14. hxg3 {[%clk 01:20:07]} {[%emt
00:01:18]} Rad8 {[%clk 01:21:36]} {[%emt 00:01:00]} 15. Nf3 {[%clk 01:17:26]}
{[%emt 00:03:11]} Bxf3 {[%clk 01:21:01]} {[%emt 00:01:04]} 16. gxf3 {[%clk
01:17:48]} {[%emt 00:00:08]} Rfe8 {[%clk 01:20:24]} {[%emt 00:01:08]} 17. Rac1
{[%clk 01:13:41]} {[%emt 00:04:36]} Re6 {[%clk 01:20:04]} {[%emt 00:00:51]} 18.
Kg2 {[%clk 01:11:51]} {[%emt 00:02:20]} Rb6 {[%clk 01:20:02]} {[%emt 00:00:33]}
19. b3 {[%clk 01:11:04]} {[%emt 00:01:16]} Rbd6 {[%clk 01:16:35]} {[%emt
00:03:56]} 20. Rh1 {[%clk 01:09:59]} {[%emt 00:01:36]} h6 {[%clk 01:16:40]}
{[%emt 00:00:24]} 21. Rh4 {[%clk 01:09:53]} {[%emt 00:00:36]} a6 {[%clk
01:13:05]} {[%emt 00:04:05]} 22. b4 {[%clk 01:04:12]} {[%emt 00:06:13]} c4
{[%clk 01:08:00]} {[%emt 00:05:33]} 23. Bf1 {[%clk 00:59:09]} {[%emt 00:05:34]}
b5 {[%clk 01:04:56]} {[%emt 00:03:34]} 24. Rd4 {[%clk 00:58:55]} {[%emt
00:00:44]} Nd7 {[%clk 01:01:00]} {[%emt 00:04:25]} 25. Rcd1 {[%clk 00:58:47]}
{[%emt 00:00:38]} Nb6 {[%clk 01:00:42]} {[%emt 00:00:48]} 26. R1d2 {[%clk
00:54:25]} {[%emt 00:04:53]} Na4 {[%clk 01:00:18]} {[%emt 00:00:54]} 27. Rc2
{[%clk 00:54:46]} {[%emt 00:00:08]} Kf8 {[%clk 00:57:32]} {[%emt 00:03:16]} 28.
Be2 {[%clk 00:54:03]} {[%emt 00:01:13]} f6 {[%clk 00:55:52]} {[%emt 00:02:09]}
29. Bd1 {[%clk 00:53:32]} {[%emt 00:01:02]} Kf7 {[%clk 00:53:41]} {[%emt
00:02:42]} 30. f4 {[%clk 00:52:23]} {[%emt 00:01:39]} g6 {[%clk 00:52:56]}
{[%emt 00:01:12]} 31. Kf1 {[%clk 00:51:26]} {[%emt 00:01:29]} f5 {[%clk
00:51:14]} {[%emt 00:02:12]} 32. Ke1 {[%clk 00:48:58]} {[%emt 00:02:58]} h5
{[%clk 00:50:54]} {[%emt 00:00:50]} 33. Kd2 {[%clk 00:49:19]} {[%emt 00:00:10]}
Nb6 {[%clk 00:50:45]} {[%emt 00:00:38]} 34. Rc1 {[%clk 00:49:29]} {[%emt
00:00:20]} Kf6 {[%clk 00:50:26]} {[%emt 00:00:49]} 35. Kc2 {[%clk 00:49:28]}
{[%emt 00:00:32]} Rh8 {[%clk 00:49:15]} {[%emt 00:01:38]} 36. Bf3 {[%clk
00:48:52]} {[%emt 00:01:08]} Rhd8 {[%clk 00:48:33]} {[%emt 00:01:12]} 37. Rcd1
{[%clk 00:48:24]} {[%emt 00:00:59]} Kg7 {[%clk 00:48:25]} {[%emt 00:00:39]} 38.
Bg2 {[%clk 00:48:46]} {[%emt 00:00:06]} Kf6 {[%clk 00:48:31]} {[%emt 00:00:25]}
39. f3 {[%clk 00:48:50]} {[%emt 00:00:27]} R6d7 {[%clk 00:48:19]} {[%emt
00:00:40]} 40. R1d2 {[%clk 00:47:30]} {[%emt 00:01:51]} Ke6 {[%clk 00:47:07]}
{[%emt 00:01:41]} 41. Bh3 {[%clk 00:46:43]} {[%emt 00:01:17]} Rh8 {[%clk
00:45:23]} {[%emt 00:02:13]} 42. e4 {[%clk 00:45:15]} {[%emt 00:01:59]} Rhh7
{[%clk 00:41:31]} {[%emt 00:04:22]} 43. Re2 {[%clk 00:40:37]} {[%emt 00:05:09]}
Kf6 {[%clk 00:29:35]} {[%emt 00:12:27]} 44. exf5 {[%clk 00:36:15]} {[%emt
00:04:51]} gxf5 {[%clk 00:28:48]} {[%emt 00:01:16]} 45. Re5 {[%clk 00:36:26]}
{[%emt 00:00:20]} Rde7 {[%clk 00:25:07]} {[%emt 00:04:09]} 46. Rxf5+ {[%clk
00:32:25]} {[%emt 00:04:33]} Kg7 {[%clk 00:24:11]} {[%emt 00:01:27]} 47. Re5
{[%clk 00:31:45]} {[%emt 00:01:09]} Kf6 {[%clk 00:23:00]} {[%emt 00:01:41]} 48.
Rxe7 {[%clk 00:20:56]} {[%emt 00:11:18]} Rxe7 {[%clk 00:23:26]} {[%emt
00:00:05]} 49. Kd2 {[%clk 00:20:29]} {[%emt 00:00:58]} Ra7 {[%clk 00:22:26]}
{[%emt 00:01:30]} 50. Ke3 {[%clk 00:12:33]} {[%emt 00:08:25]} Na4 {[%clk
00:22:24]} {[%emt 00:00:31]} 51. Rxd5 {[%clk 00:12:28]} {[%emt 00:00:35]} Nxc3
{[%clk 00:19:39]} {[%emt 00:03:15]} 52. Rxh5 {[%clk 00:09:05]} {[%emt
00:03:54]} Nxa2 {[%clk 00:19:22]} {[%emt 00:00:47]} 53. Rh6+ {[%clk 00:09:19]}
{[%emt 00:00:16]} Kg7 {[%clk 00:19:31]} {[%emt 00:00:20]} 54. Rb6 {[%clk
00:09:30]} {[%emt 00:00:19]} c3 {[%clk 00:19:18]} {[%emt 00:00:43]} 55. Bf5
{[%clk 00:06:04]} {[%emt 00:03:55]} Nxb4 {[%clk 00:19:17]} {[%emt 00:00:32]}
56. Rg6+ {[%clk 00:05:42]} {[%emt 00:00:51]} Kf7 {[%clk 00:18:58]} {[%emt
00:00:50]} 57. Rh6 {[%clk 00:05:45]} {[%emt 00:00:27]} Re7+ {[%clk 00:16:27]}
{[%emt 00:03:00]} 58. Kd4 {[%clk 00:03:50]} {[%emt 00:02:26]} c2 {[%clk
00:15:15]} {[%emt 00:01:42]} 59. Bxc2 {[%clk 00:03:28]} {[%emt 00:00:51]} Nxc2+
{[%clk 00:15:06]} {[%emt 00:00:40]} 60. Kc3 {[%clk 00:03:41]} {[%emt 00:00:17]}
Ne1 {[%clk 00:14:15]} {[%emt 00:01:20]} 61. Rxa6 {[%clk 00:03:59]} {[%emt
00:00:13]} Nxf3 {[%clk 00:13:40]} {[%emt 00:01:06]} 62. Rb6 {[%clk 00:03:51]}
{[%emt 00:00:37]} Re3+ {[%clk 00:13:11]} {[%emt 00:00:59]} 63. Kb4 {[%clk
00:03:57]} {[%emt 00:00:17]} Nh2 {[%clk 00:08:16]} {[%emt 00:05:32]} 1/2-1/2

[Event "DVM U20 2023"]
[Site "Magdeburg GER"]
[Date "2023.12.29"]
[Round "5"]
[White "Senel, Serdar"]
[Black "Martsfeld, Jonas"]
[Result "0-1"]
[Termination "normal"]
[Board "6.6"]
[WhiteElo "1019"]
[BlackElo "1421"]
[WhiteClock "00:25:45"]
[BlackClock "00:26:56"]
[WhiteTeam "SV Hemer 1932"]
[BlackTeam "SF HN-Biberach 1978"]
[PlyCount "104"]
[WhiteFideId "34608796"]
[BlackFideId "16255640"]
[EventCountry "GER"]
[EventRounds "7"]
[EventType "team-swiss"]
[EventDate "2023.12.26"]

1. d4 {[%clk 01:30:42]} {[%emt 00:00:18]} c5 {[%clk 01:30:59]} {[%emt
00:00:01]} 2. e3 {[%clk 01:31:04]} {[%emt 00:00:08]} cxd4 {[%clk 01:31:28]}
{[%emt 00:00:01]} 3. exd4 {[%clk 01:31:25]} {[%emt 00:00:10]} d5 {[%clk
01:25:53]} {[%emt 00:06:04]} 4. Bd3 {[%clk 01:30:23]} {[%emt 00:01:32]} Nc6
{[%clk 01:26:00]} {[%emt 00:00:23]} 5. c3 {[%clk 01:30:20]} {[%emt 00:00:32]}
Nf6 {[%clk 01:25:49]} {[%emt 00:00:42]} 6. Bf4 {[%clk 01:29:09]} {[%emt
00:01:41]} Bg4 {[%clk 01:24:21]} {[%emt 00:01:58]} 7. Qb3 {[%clk 01:29:03]}
{[%emt 00:00:35]} Qc8 {[%clk 01:21:48]} {[%emt 00:03:03]} 8. Nd2 {[%clk
01:27:18]} {[%emt 00:02:15]} e6 {[%clk 01:19:41]} {[%emt 00:02:37]} 9. Ngf3
{[%clk 01:25:11]} {[%emt 00:02:38]} Be7 {[%clk 01:15:27]} {[%emt 00:04:43]} 10.
O-O {[%clk 01:24:59]} {[%emt 00:00:43]} O-O {[%clk 01:15:07]} {[%emt 00:00:50]}
11. Ne5 {[%clk 01:24:18]} {[%emt 00:01:11]} Nxe5 {[%clk 01:11:14]} {[%emt
00:04:23]} 12. dxe5 {[%clk 01:17:43]} {[%emt 00:07:05]} Nd7 {[%clk 01:06:26]}
{[%emt 00:05:18]} 13. Qc2 {[%clk 01:12:54]} {[%emt 00:05:18]} f5 {[%clk
01:02:09]} {[%emt 00:04:48]} 14. h3 {[%clk 01:05:25]} {[%emt 00:07:58]} Bh5
{[%clk 01:02:33]} {[%emt 00:00:06]} 15. f3 {[%clk 00:58:49]} {[%emt 00:07:07]}
g5 {[%clk 00:55:08]} {[%emt 00:07:54]} 16. Bg3 {[%clk 00:55:42]} {[%emt
00:03:37]} Rf7 {[%clk 00:46:30]} {[%emt 00:09:08]} 17. Rae1 {[%clk 00:52:45]}
{[%emt 00:03:27]} Nc5 {[%clk 00:44:44]} {[%emt 00:02:16]} 18. Be2 {[%clk
00:46:08]} {[%emt 00:07:07]} f4 {[%clk 00:41:33]} {[%emt 00:03:41]} 19. Bf2
{[%clk 00:44:56]} {[%emt 00:01:42]} Bg6 {[%clk 00:41:46]} {[%emt 00:00:18]} 20.
Qc1 {[%clk 00:34:20]} {[%emt 00:11:06]} Nd3 {[%clk 00:41:01]} {[%emt 00:01:15]}
21. Bxd3 {[%clk 00:33:51]} {[%emt 00:00:59]} Bxd3 {[%clk 00:41:28]} {[%emt
00:00:03]} 22. b4 {[%clk 00:34:07]} {[%emt 00:00:14]} Bxf1 {[%clk 00:40:18]}
{[%emt 00:01:39]} 23. Rxf1 {[%clk 00:33:47]} {[%emt 00:00:50]} Qc7 {[%clk
00:40:04]} {[%emt 00:00:44]} 24. Nb3 {[%clk 00:32:56]} {[%emt 00:01:21]} Qxe5
{[%clk 00:27:03]} {[%emt 00:13:32]} 25. Re1 {[%clk 00:31:05]} {[%emt 00:02:20]}
Qf6 {[%clk 00:22:40]} {[%emt 00:04:53]} 26. Nd4 {[%clk 00:30:48]} {[%emt
00:00:48]} e5 {[%clk 00:21:34]} {[%emt 00:01:36]} 27. Nb5 {[%clk 00:29:20]}
{[%emt 00:01:58]} b6 {[%clk 00:20:01]} {[%emt 00:02:04]} 28. Rd1 {[%clk
00:28:52]} {[%emt 00:00:58]} Qc6 {[%clk 00:19:59]} {[%emt 00:00:30]} 29. a4
{[%clk 00:22:46]} {[%emt 00:06:37]} a6 {[%clk 00:19:54]} {[%emt 00:00:35]} 30.
Na3 {[%clk 00:23:01]} {[%emt 00:00:16]} Rc8 {[%clk 00:17:44]} {[%emt 00:02:40]}
31. Nb1 {[%clk 00:19:50]} {[%emt 00:03:40]} Bxb4 {[%clk 00:17:26]} {[%emt
00:00:47]} 32. Rd2 {[%clk 00:19:27]} {[%emt 00:00:53]} e4 {[%clk 00:15:43]}
{[%emt 00:02:13]} 33. fxe4 {[%clk 00:17:41]} {[%emt 00:02:14]} dxe4 {[%clk
00:16:08]} {[%emt 00:00:08]} 34. Qd1 {[%clk 00:17:46]} {[%emt 00:00:24]} Bc5
{[%clk 00:13:26]} {[%emt 00:03:12]} 35. Bxc5 {[%clk 00:09:26]} {[%emt
00:08:50]} Qxc5+ {[%clk 00:13:49]} {[%emt 00:00:08]} 36. Kh1 {[%clk 00:08:42]}
{[%emt 00:01:14]} Qe7 {[%clk 00:10:43]} {[%emt 00:03:35]} 37. c4 {[%clk
00:08:44]} {[%emt 00:00:28]} e3 {[%clk 00:11:02]} {[%emt 00:00:12]} 38. Rd5
{[%clk 00:08:24]} {[%emt 00:00:50]} Rxc4 {[%clk 00:09:22]} {[%emt 00:02:10]}
39. Na3 {[%clk 00:07:58]} {[%emt 00:00:57]} Qxa3 {[%clk 00:04:21]} {[%emt
00:05:31]} 40. Qg4 {[%clk 00:04:38]} {[%emt 00:03:48]} Qe7 {[%clk 00:03:28]}
{[%emt 00:01:24]} 41. Qe2 {[%clk 00:01:46]} {[%emt 00:03:22]} Rc7 {[%clk
00:02:53]} {[%emt 00:01:04]} 42. h4 {[%clk 00:01:19]} {[%emt 00:00:59]} gxh4
{[%clk 00:27:43]} {[%emt 00:05:40]} 43. Qh5 {[%clk 00:30:06]} {[%emt 00:01:43]}
Rc5 {[%clk 00:25:49]} {[%emt 00:02:23]} 44. Rxc5 {[%clk 00:27:34]} {[%emt
00:03:01]} bxc5 {[%clk 00:25:05]} {[%emt 00:01:15]} 45. Qg4+ {[%clk 00:27:18]}
{[%emt 00:00:47]} Kh8 {[%clk 00:24:52]} {[%emt 00:00:44]} 46. a5 {[%clk
00:26:42]} {[%emt 00:01:05]} e2 {[%clk 00:25:12]} {[%emt 00:00:11]} 47. Kh2
{[%clk 00:25:45]} {[%emt 00:01:28]} e1=Q {[%clk 00:25:27]} {[%emt 00:00:14]}
48. g3 {[%clk 00:24:53]} {[%emt 00:01:21]} Q7e2+ {[%clk 00:25:44]} {[%emt
00:00:13]} 49. Qxe2 {[%clk 00:24:57]} {[%emt 00:00:26]} Qxe2+ {[%clk 00:26:13]}
{[%emt 00:00:01]} 50. Kh3 {[%clk 00:25:15]} {[%emt 00:00:12]} Rg7 {[%clk
00:26:06]} {[%emt 00:00:37]} 51. g4 {[%clk 00:25:17]} {[%emt 00:00:28]} Qxg4+
{[%clk 00:26:28]} {[%emt 00:00:09]} 52. Kh2 {[%clk 00:25:45]} {[%emt 00:00:02]}
Qg2# {[%clk 00:26:56]} {[%emt 00:00:02]} 0-1

[Event "DVM U20 2023"]
[Site "Magdeburg GER"]
[Date "2023.12.29"]
[Round "5"]
[White "Dauner, Benedikt"]
[Black "Pikalow, Michael"]
[Result "1-0"]
[Termination "normal"]
[Board "7.1"]
[WhiteTitle "FM"]
[WhiteElo "2390"]
[BlackElo "2083"]
[WhiteClock "00:05:00"]
[BlackClock "00:03:55"]
[WhiteTeam "Karlsruher SF 1853"]
[BlackTeam "USC Magdeburg"]
[PlyCount "69"]
[WhiteFideId "16225899"]
[BlackFideId "16227638"]
[EventCountry "GER"]
[EventRounds "7"]
[EventType "team-swiss"]
[EventDate "2023.12.26"]

1. Nf3 {[%clk 01:30:44]} {[%emt 00:00:14]} Nf6 {[%clk 01:28:50]} {[%emt
00:02:12]} 2. d4 {[%clk 01:30:41]} {[%emt 00:00:33]} c5 {[%clk 01:27:47]}
{[%emt 00:01:33]} 3. c3 {[%clk 01:30:46]} {[%emt 00:00:23]} d5 {[%clk
01:26:46]} {[%emt 00:01:33]} 4. dxc5 {[%clk 01:30:43]} {[%emt 00:00:32]} e6
{[%clk 01:26:34]} {[%emt 00:00:42]} 5. Be3 {[%clk 01:30:48]} {[%emt 00:00:25]}
a5 {[%clk 01:22:53]} {[%emt 00:04:10]} 6. c4 {[%clk 01:30:13]} {[%emt
00:01:06]} Na6 {[%clk 01:19:03]} {[%emt 00:04:20]} 7. Nc3 {[%clk 01:30:21]}
{[%emt 00:00:22]} Nxc5 {[%clk 01:13:33]} {[%emt 00:06:00]} 8. cxd5 {[%clk
01:30:34]} {[%emt 00:00:18]} exd5 {[%clk 01:13:43]} {[%emt 00:00:20]} 9. g3
{[%clk 01:28:54]} {[%emt 00:02:07]} a4 {[%clk 01:03:39]} {[%emt 00:10:36]} 10.
Bg2 {[%clk 01:19:57]} {[%emt 00:09:27]} a3 {[%clk 00:57:44]} {[%emt 00:06:25]}
11. b3 {[%clk 01:15:32]} {[%emt 00:04:55]} b5 {[%clk 00:52:01]} {[%emt
00:06:14]} 12. Nd4 {[%clk 00:59:57]} {[%emt 00:16:05]} Qa5 {[%clk 00:44:13]}
{[%emt 00:08:17]} 13. Bd2 {[%clk 00:47:17]} {[%emt 00:13:10]} b4 {[%clk
00:39:18]} {[%emt 00:05:26]} 14. Nc6 {[%clk 00:47:40]} {[%emt 00:00:07]} Qb6
{[%clk 00:39:04]} {[%emt 00:00:44]} 15. Nxb4 {[%clk 00:45:47]} {[%emt
00:02:23]} Nce4 {[%clk 00:35:53]} {[%emt 00:03:42]} 16. Nxe4 {[%clk 00:33:04]}
{[%emt 00:13:12]} dxe4 {[%clk 00:32:28]} {[%emt 00:03:55]} 17. Nc2 {[%clk
00:33:17]} {[%emt 00:00:16]} Bc5 {[%clk 00:28:14]} {[%emt 00:04:45]} 18. O-O
{[%clk 00:31:47]} {[%emt 00:01:59]} O-O {[%clk 00:26:13]} {[%emt 00:02:32]} 19.
b4 {[%clk 00:29:18]} {[%emt 00:02:59]} Bd6 {[%clk 00:21:51]} {[%emt 00:04:53]}
20. Bc3 {[%clk 00:18:14]} {[%emt 00:11:32]} Bb7 {[%clk 00:20:09]} {[%emt
00:02:13]} 21. Ne3 {[%clk 00:17:27]} {[%emt 00:01:15]} Rfd8 {[%clk 00:18:04]}
{[%emt 00:02:36]} 22. Qb3 {[%clk 00:14:23]} {[%emt 00:03:33]} Qb5 {[%clk
00:16:15]} {[%emt 00:02:19]} 23. Rfd1 {[%clk 00:12:11]} {[%emt 00:02:43]} Qxe2
{[%clk 00:14:05]} {[%emt 00:02:40]} 24. Rd2 {[%clk 00:12:21]} {[%emt 00:00:20]}
Qh5 {[%clk 00:11:12]} {[%emt 00:03:23]} 25. Rad1 {[%clk 00:12:33]} {[%emt
00:00:18]} Ne8 {[%clk 00:10:43]} {[%emt 00:01:00]} 26. Nc4 {[%clk 00:11:36]}
{[%emt 00:01:27]} Qh6 {[%clk 00:09:38]} {[%emt 00:01:35]} 27. Na5 {[%clk
00:09:02]} {[%emt 00:03:04]} Rxa5 {[%clk 00:06:06]} {[%emt 00:04:02]} 28. bxa5
{[%clk 00:09:26]} {[%emt 00:00:06]} Ba8 {[%clk 00:05:44]} {[%emt 00:00:52]} 29.
Qb6 {[%clk 00:08:25]} {[%emt 00:01:30]} Rd7 {[%clk 00:04:51]} {[%emt 00:01:24]}
30. Qe3 {[%clk 00:05:21]} {[%emt 00:03:34]} Qg6 {[%clk 00:04:12]} {[%emt
00:01:09]} 31. Bb4 {[%clk 00:05:25]} {[%emt 00:00:26]} h5 {[%clk 00:02:57]}
{[%emt 00:01:45]} 32. Bxd6 {[%clk 00:05:47]} {[%emt 00:00:08]} Rxd6 {[%clk
00:03:15]} {[%emt 00:00:12]} 33. Rxd6 {[%clk 00:06:10]} {[%emt 00:00:08]} Nxd6
{[%clk 00:03:42]} {[%emt 00:00:02]} 34. Qb6 {[%clk 00:05:56]} {[%emt 00:00:43]}
e3 {[%clk 00:03:55]} {[%emt 00:00:18]} 35. Qxd6 {[%clk 00:05:00]} {[%emt
00:01:27]} 1-0

[Event "DVM U20 2023"]
[Site "Magdeburg GER"]
[Date "2023.12.29"]
[Round "5"]
[White "Schiffner, Robin"]
[Black "Fidlin, Simon"]
[Result "0-1"]
[Termination "normal"]
[Board "7.2"]
[WhiteElo "1588"]
[BlackElo "2122"]
[WhiteClock "00:10:12"]
[BlackClock "00:30:09"]
[WhiteTeam "USC Magdeburg"]
[BlackTeam "Karlsruher SF 1853"]
[PlyCount "106"]
[WhiteFideId "16210328"]
[BlackFideId "16217535"]
[EventCountry "GER"]
[EventRounds "7"]
[EventType "team-swiss"]
[EventDate "2023.12.26"]

1. e4 {[%clk 01:30:58]} {[%emt 00:00:01]} e5 {[%clk 01:30:53]} {[%emt
00:00:07]} 2. Nf3 {[%clk 01:31:24]} {[%emt 00:00:04]} Nc6 {[%clk 01:31:18]}
{[%emt 00:00:05]} 3. Bb5 {[%clk 01:31:48]} {[%emt 00:00:06]} a6 {[%clk
01:31:44]} {[%emt 00:00:04]} 4. Ba4 {[%clk 01:32:14]} {[%emt 00:00:04]} Bc5
{[%clk 01:32:07]} {[%emt 00:00:07]} 5. c3 {[%clk 01:31:57]} {[%emt 00:00:47]}
Nge7 {[%clk 01:30:13]} {[%emt 00:02:24]} 6. d4 {[%clk 01:30:12]} {[%emt
00:02:14]} exd4 {[%clk 01:29:40]} {[%emt 00:01:05]} 7. cxd4 {[%clk 01:30:35]}
{[%emt 00:00:07]} Bb4+ {[%clk 01:30:05]} {[%emt 00:00:05]} 8. Nc3 {[%clk
01:30:40]} {[%emt 00:00:24]} d5 {[%clk 01:30:19]} {[%emt 00:00:18]} 9. e5
{[%clk 01:28:56]} {[%emt 00:02:13]} Bg4 {[%clk 01:29:34]} {[%emt 00:01:15]} 10.
Be3 {[%clk 01:27:51]} {[%emt 00:01:34]} O-O {[%clk 01:28:24]} {[%emt 00:01:42]}
11. h3 {[%clk 01:26:59]} {[%emt 00:01:22]} Bh5 {[%clk 01:27:34]} {[%emt
00:01:20]} 12. O-O {[%clk 01:26:36]} {[%emt 00:00:53]} f6 {[%clk 01:26:06]}
{[%emt 00:01:58]} 13. exf6 {[%clk 01:22:07]} {[%emt 00:04:59]} Rxf6 {[%clk
01:25:41]} {[%emt 00:00:56]} 14. g4 {[%clk 01:21:37]} {[%emt 00:00:59]} Bg6
{[%clk 01:24:00]} {[%emt 00:02:11]} 15. Bb3 {[%clk 01:19:38]} {[%emt 00:02:28]}
Qd6 {[%clk 01:11:45]} {[%emt 00:12:46]} 16. Re1 {[%clk 01:09:20]} {[%emt
00:10:47]} Raf8 {[%clk 01:04:49]} {[%emt 00:07:26]} 17. Ne5 {[%clk 01:04:12]}
{[%emt 00:05:40]} Bxc3 {[%clk 01:02:57]} {[%emt 00:02:21]} 18. bxc3 {[%clk
01:03:20]} {[%emt 00:01:22]} Kh8 {[%clk 01:01:08]} {[%emt 00:02:19]} 19. f4
{[%clk 00:49:18]} {[%emt 00:14:30]} Be4 {[%clk 01:00:17]} {[%emt 00:01:23]} 20.
Rf1 {[%clk 00:42:12]} {[%emt 00:07:34]} Ng6 {[%clk 00:49:17]} {[%emt 00:11:32]}
21. Nxg6+ {[%clk 00:37:10]} {[%emt 00:05:32]} Rxg6 {[%clk 00:48:34]} {[%emt
00:01:13]} 22. Qe1 {[%clk 00:36:18]} {[%emt 00:01:21]} Re6 {[%clk 00:47:32]}
{[%emt 00:01:33]} 23. f5 {[%clk 00:34:29]} {[%emt 00:02:20]} Re7 {[%clk
00:42:18]} {[%emt 00:05:43]} 24. Bf4 {[%clk 00:32:14]} {[%emt 00:02:45]} Qd7
{[%clk 00:41:25]} {[%emt 00:01:23]} 25. Qh4 {[%clk 00:30:18]} {[%emt 00:02:22]}
Ref7 {[%clk 00:37:17]} {[%emt 00:04:43]} 26. Rae1 {[%clk 00:25:51]} {[%emt
00:04:55]} Re8 {[%clk 00:30:14]} {[%emt 00:07:34]} 27. Bg5 {[%clk 00:24:05]}
{[%emt 00:02:15]} Na5 {[%clk 00:29:22]} {[%emt 00:01:23]} 28. f6 {[%clk
00:21:16]} {[%emt 00:03:18]} g6 {[%clk 00:24:51]} {[%emt 00:05:02]} 29. Bh6
{[%clk 00:20:24]} {[%emt 00:01:21]} Nxb3 {[%clk 00:25:08]} {[%emt 00:00:14]}
30. axb3 {[%clk 00:20:49]} {[%emt 00:00:05]} a5 {[%clk 00:23:58]} {[%emt
00:01:41]} 31. Qg3 {[%clk 00:18:45]} {[%emt 00:02:30]} b5 {[%clk 00:23:48]}
{[%emt 00:00:43]} 32. Ra1 {[%clk 00:18:16]} {[%emt 00:01:00]} a4 {[%clk
00:23:13]} {[%emt 00:01:05]} 33. bxa4 {[%clk 00:17:21]} {[%emt 00:01:24]} bxa4
{[%clk 00:23:36]} {[%emt 00:00:06]} 34. Bg7+ {[%clk 00:17:00]} {[%emt
00:00:53]} Kg8 {[%clk 00:23:55]} {[%emt 00:00:11]} 35. Rf2 {[%clk 00:15:47]}
{[%emt 00:01:42]} Ra8 {[%clk 00:23:08]} {[%emt 00:01:17]} 36. Rb2 {[%clk
00:14:42]} {[%emt 00:01:35]} Qc6 {[%clk 00:22:06]} {[%emt 00:01:32]} 37. Ra3
{[%clk 00:11:39]} {[%emt 00:03:33]} Rd7 {[%clk 00:20:05]} {[%emt 00:02:31]} 38.
Qe5 {[%clk 00:10:30]} {[%emt 00:01:35]} Kf7 {[%clk 00:20:15]} {[%emt 00:00:23]}
39. Rb4 {[%clk 00:07:43]} {[%emt 00:03:17]} Re8 {[%clk 00:20:29]} {[%emt
00:00:17]} 40. Qh2 {[%clk 00:07:25]} {[%emt 00:00:46]} Bd3 {[%clk 00:14:07]}
{[%emt 00:06:53]} 41. Qd2 {[%clk 00:06:00]} {[%emt 00:01:55]} Bc4 {[%clk
00:12:28]} {[%emt 00:02:11]} 42. Ra1 {[%clk 00:22:50]} {[%emt 00:13:38]} Qd6
{[%clk 00:41:56]} {[%emt 00:01:02]} 43. Qh2 {[%clk 00:22:16]} {[%emt 00:01:03]}
Qe6 {[%clk 00:41:12]} {[%emt 00:01:15]} 44. Qf2 {[%clk 00:18:51]} {[%emt
00:03:53]} Bb3 {[%clk 00:39:09]} {[%emt 00:02:35]} 45. Rb5 {[%clk 00:14:31]}
{[%emt 00:04:49]} Qe4 {[%clk 00:35:34]} {[%emt 00:04:06]} 46. Rc5 {[%clk
00:13:57]} {[%emt 00:01:03]} Qd3 {[%clk 00:33:37]} {[%emt 00:02:29]} 47. Re1
{[%clk 00:10:13]} {[%emt 00:04:13]} Rxe1+ {[%clk 00:31:56]} {[%emt 00:02:12]}
48. Qxe1 {[%clk 00:10:41]} {[%emt 00:00:01]} Qxh3 {[%clk 00:32:04]} {[%emt
00:00:22]} 49. Qe5 {[%clk 00:10:04]} {[%emt 00:01:07]} Qxg4+ {[%clk 00:31:24]}
{[%emt 00:01:10]} 50. Kh2 {[%clk 00:10:14]} {[%emt 00:00:17]} Qh4+ {[%clk
00:29:14]} {[%emt 00:02:42]} 51. Kg1 {[%clk 00:10:14]} {[%emt 00:00:30]} Qg4+
{[%clk 00:29:28]} {[%emt 00:00:16]} 52. Kh2 {[%clk 00:10:36]} {[%emt 00:00:08]}
Qe6 {[%clk 00:29:44]} {[%emt 00:00:14]} 53. Rxc7 {[%clk 00:10:12]} {[%emt
00:00:52]} Qxe5+ {[%clk 00:30:09]} {[%emt 00:00:07]} 0-1